Análisis de la evolución del sindicalismo norteamericano: maduración de las organizaciones sindicales trascendencia política y asistencial
Збережено в:
| Автор: | |
|---|---|
| Формат: | Книга |
| Мова: | Іспанська |
| Опубліковано: |
Buenos Aires
Bibliográfica Omega
1962
|
| Предмети: | |
| Теги: |
Додати тег
Немає тегів, Будьте першим, хто поставить тег для цього запису!
|
MARC
| LEADER | 00000nam a2200000 a 4500 | ||
|---|---|---|---|
| 001 | UCV1743 | ||
| 003 | CL-VaPUC | ||
| 008 | 901129e19620000AG |||||||||||||||||spa|d | ||
| 082 | 0 | 4 | |a 331.8 |b LES |2 21 |
| 100 | |a Lester, Richard A |e author |9 411920 | ||
| 245 | 1 | 0 | |a Análisis de la evolución del sindicalismo norteamericano: maduración de las organizaciones sindicales trascendencia política y asistencial |
| 300 | |a 155 p | ||
| 942 | |c BK | ||
| 945 | |d 19901129 00:00:00 | ||
| 260 | |a Buenos Aires |b Bibliográfica Omega |c 1962 | ||
| 650 | 0 | |a Sindicatos |9 255034 | |
| 651 | 0 | |a Estados Unidos |9 255178 | |
| 583 | |a last modification |c 19901129 00:00:00 |k Rodrigo Vera | ||
| 999 | |c 209583 |d 209581 | ||
| 952 | |0 0 |1 0 |4 0 |6 331_800000000000000_LES_1962 |7 0 |8 A |9 185075 |a BIBDER |b BIBDER |d 2019-11-14 |i 2524805 |o 331.8 LES 1962 |p 2524805 |r 2023-01-25 |w 2019-11-14 |y BK |k DER | ||